| 000 | 00937cab a2200301 4500 | ||
|---|---|---|---|
| 001 | ABS52624 | ||
| 008 | 090401t1995 xxu||||| |||| 00| 0 eng d | ||
| 035 | _a(Sirsi) u87045 | ||
| 041 | _aeng | ||
| 100 | _aBoyd, T.P. | ||
| 245 | 4 | _aThe importance of market analysis in property valuations | |
| 260 | _c1995 | ||
| 350 | _a0 | ||
| 490 |
_aNew Zealand Valuers` Journal _vMarch 1995, 10-16(7) |
||
| 520 | _aEmphasises the role of statistical analysis to assess market behaviour as part of the valuation exercise, rather than concentrating on methodology. | ||
| 650 | _aCAPITALISATION RATES | ||
| 650 | _aCASH FLOW MODEL | ||
| 650 | _aCOMPARABLE SALE ANALYSIS | ||
| 650 | _aINFORMATION SOURCES | ||
| 650 | _aMARKET ANALYSIS | ||
| 650 | _aMARKET BEHAVIOUR | ||
| 650 | _aMARKET DATA | ||
| 650 | _aPRIMARY SOURCES | ||
| 650 | _aVALUATION PROCESS | ||
| 690 | _aRATING AND VALUATION | ||
| 942 | _n0 | ||
| 948 | _c04/03/1997 | ||
| 999 |
_c54843 _d54843 |
||